[Event "Minsk-B"]
[Site "Minsk"]
[Date "1993.??.??"]
[Round "8"]
[White "Tunik, Gennady"]
[Black "Sulipa, Aleksandar"]
[Result "1-0"]
[WhiteElo "2465"]
[BlackElo "2360"]

1.d4 d5 2.Nf3 Nf6 3.c4 e6 4.Nc3 Be7 5.Bf4 O-O 6.e3 c5 7.dxc5 Bxc5 8.cxd5 Nxd5
9.Nxd5 exd5 10.a3 Nc6 11.Bd3 Bb6 12.O-O Qf6 13.b4 Bg4 14.h3 Bf5 15.b5 Nd4
16.Nxd4 Bxd4 17.Rc1 Bb6 18.Bxf5 Qxf5 19.Bc7 Qe4 20.Qc2 h6 21.Qxe4 dxe4 22.Rfd1 Rfc8
23.Bxb6 Rxc1 24.Rxc1 axb6 25.Rc7 Ra7 26.g4 g6 27.a4 Kg7 28.Re7 Rxa4 29.Rxb7 Rb4
30.Rxb6 g5 31.Rb8 Rb1+ 32.Kg2 Rb2 33.b6 Kf6 34.Kf1 Ke7 35.b7 Rb1+ 36.Ke2 Rb2+
37.Kd1 Kd7 38.Rf8 Rxb7 39.Rxf7+ Kc6 40.Rf6+ Kc5 41.Rxh6 Kc4 42.Ke2  1-0

[Event "Amber-rapid 2nd"]
[Site "Monte Carlo"]
[Date "1993.??.??"]
[Round "11"]
[White "Kortschnoj, Viktor"]
[Black "Short, Nigel D"]
[Result "1-0"]
[WhiteElo "2605"]
[BlackElo "2655"]

1.d4 Nf6 2.c4 e6 3.Nc3 d5 4.Nf3 Be7 5.Bf4 O-O 6.e3 a6 7.Qc2 dxc4 8.Bxc4 b5
9.Bd3 Bb7 10.O-O Nbd7 11.Rfd1 Rc8 12.Ne5 Qe8 13.Ne4 Nd5 14.Nxd7 Nb4 15.Ndf6+ gxf6
16.Qe2 Nxd3 17.Qxd3 Kh8 18.Rac1 Rg8 19.Bg3 Bd5 20.f3 c6 21.Nc5 Bc4 22.Qc3 h5
23.b3 Be2 24.Rd2 Bxf3 25.gxf3 h4 26.Rg2 hxg3 27.hxg3 Rg6 28.Rh2+ Kg7 29.Kf2 Bd6
30.f4 Qe7 31.Rch1 Rg8 32.Nxa6 Qd7 33.Nc5 Qa7 34.Nxe6+  1-0

[Event "Nabereznye Chelny"]
[Site "Nabereznye Chelny"]
[Date "1993.??.??"]
[Round "?"]
[White "Lempert, Igor"]
[Black "Shur, Mikhail"]
[Result "1/2-1/2"]
[WhiteElo "2435"]
[BlackElo "2380"]

1.d4 e6 2.c4 d5 3.Nc3 Be7 4.Nf3 Nf6 5.Bf4 O-O 6.e3 c6 7.Bd3 Nbd7 8.O-O Re8
9.h3 Nf8 10.Rc1 dxc4 11.Bxc4 Nd5 12.Bg3 Nxc3 13.Rxc3 Bd6 14.Bxd6 Qxd6 15.e4 Rd8
16.Qc1 Qe7 17.e5 Bd7 18.Ng5 Be8 19.Rd1 c5 20.d5 exd5 21.Bxd5 h6 22.Ne4 Qxe5
23.Bxb7 Rxd1+ 24.Qxd1 Rb8 25.Qd6 Nd7 26.Qxe5 Nxe5 27.Nd6 Rd8 28.Ne4 Rb8 29.Rxc5 Nd3
30.Rc7  1/2-1/2

[Event "FRA-ch (Women)"]
[Site "Nantes"]
[Date "1993.??.??"]
[Round "5"]
[White "Redon, C."]
[Black "Fruteau, Sabine"]
[Result "0-1"]
[WhiteElo "2000"]
[BlackElo "2185"]

1.d4 d5 2.Nf3 e6 3.c4 Nf6 4.Nc3 Be7 5.Bf4 O-O 6.e3 b6 7.Bd3 Bb7 8.cxd5 exd5
9.Qc2 c5 10.b3 Nc6 11.Ne2 Nb4 12.Qd1 Nxd3+ 13.Qxd3 c4 14.Qc2 Bb4+ 15.Nd2 Ne4
16.Rd1 Ba6 17.Ng3 Nxd2 18.Rxd2 cxb3 19.Qxb3 Bxd2+ 20.Kxd2 g5  0-1

[Event "NLD-ch"]
[Site "?"]
[Date "1993.??.??"]
[Round "?"]
[White "Van der Sterren, Paul"]
[Black "Martens, Martin"]
[Result "1-0"]
[WhiteElo "2490"]
[BlackElo "2440"]

1.d4 Nf6 2.c4 e6 3.Nf3 d5 4.Nc3 Be7 5.Bf4 O-O 6.e3 c5 7.dxc5 Bxc5 8.Qc2 Nc6
9.a3 Bd7 10.Rd1 Rc8 11.cxd5 exd5 12.Be2 Qe7 13.O-O Be6 14.Ne5 Bd6 15.Nxc6 bxc6
16.Bxd6 Qxd6 17.Rd2 Qe5 18.Qa4 Rc7 19.Rc1 Rb8 20.Bf3 h5 21.g3 Bg4 22.Bg2 Nd7
23.Qd4 Qxd4 24.exd4 Rcc8 25.f3 Bf5 26.Bf1 Nb6 27.Ba6 Re8 28.Ne2 Bd7 29.Kf2 g6
30.h4 Na8 31.Nf4 Nc7 32.Be2 Rb6 33.Rc5 Kf8 34.b4 Ke7 35.Rdc2 Kd6 36.Bd3 Ra8
37.R2c3 Rbb8 38.Bf1 Be8 39.Bd3 Bd7 40.Bf1 Be8 41.Ke3 Rb6 42.g4 hxg4 43.fxg4 Bd7
44.Kf3 Re8 45.Bd3 Re1 46.Rc1 Rxc1 47.Rxc1 Rb8 48.h5 g5 49.Ne2 Rh8 50.Ng3 Ne8
51.Bf5 Ng7 52.Bxd7 Kxd7 53.Rh1 Rh6 54.Nf5 Rh7 55.h6 Ne8 56.Re1 Nd6 57.Re7+ Kd8
58.Rxa7 Nxf5 59.gxf5 Rxh6 60.Rxf7 Rh3+ 61.Kg4 Rxa3 62.f6 Rd3 63.Rb7 Rxd4+
64.Kh5 Rf4 65.Kxg5 Rf1 66.f7 d4 67.Kg6 d3 68.Rb8+ Ke7 69.Re8+ Kd6 70.f8=Q+ Rxf8
71.Rxf8 Ke5 72.Rd8 Ke4 73.Rd6  1-0

[Event "Novosibirsk"]
[Site "Novosibirsk"]
[Date "1993.??.??"]
[Round "8"]
[White "Psakhis, Lev"]
[Black "Pigusov, Evgeny"]
[Result "1-0"]
[WhiteElo "2575"]
[BlackElo "2575"]

1.d4 d5 2.c4 e6 3.Nc3 Be7 4.Nf3 Nf6 5.Bf4 O-O 6.e3 c6 7.Qc2 Nbd7 8.h3 a6
9.Rd1 h6 10.a3 dxc4 11.Bxc4 b5 12.Ba2 Bb7 13.e4 Re8 14.Bb1 Nf8 15.b4 a5 16.Qb3 axb4
17.axb4 N6d7 18.e5 Nb6 19.Bd2 Nc4 20.Bc1 Nb6 21.O-O Nd5 22.Na2 Ra4 23.Bd2 Qa8
24.Ne1 Ra3 25.Qb2 Nb6 26.Bc1 Nc4 27.Qc2 Ra4 28.Qb3 Rd8 29.Nf3 Qa7 30.Rfe1 Ra8
31.Re2 Nb6 32.Nh2 Ng6 33.Qg3 Bc8 34.Bxh6 Nd5 35.Bc1 Bd7 36.Nf3 Be8 37.h4 Ra3
38.h5 Nh4 39.Bxa3 Nxf3+ 40.Qxf3 Qxa3 41.Qe4  1-0

[Event "Ostend op"]
[Site "Ostend"]
[Date "1993.??.??"]
[Round "6"]
[White "Denayer, Eric"]
[Black "Barsov, Alexei"]
[Result "0-1"]
[WhiteElo "2240"]
[BlackElo "2445"]

1.d4 Nf6 2.c4 e6 3.Nf3 d5 4.Nc3 Be7 5.Bf4 O-O 6.e3 c5 7.dxc5 Bxc5 8.Be2 Nc6
9.O-O a6 10.Rc1 d4 11.exd4 Nxd4 12.Nxd4 Bxd4 13.Bg5 h6 14.Bh4 e5 15.Qc2 Be6
16.Ne4 g5 17.Nxf6+ Qxf6 18.Bg3 Rac8 19.b3 b5 20.Qd2 bxc4 21.Bxc4 Bxc4 22.bxc4 Qe6
23.Rfe1 Rfe8 24.h4 Qg4 25.hxg5 hxg5 26.Bh2 Re6 27.Kf1 Rh6 28.Bg1 Rh1 29.Qe2 Qf4
30.Qf3 Qxf3 31.gxf3 Rh6 32.Re2 Rb6 33.f4 exf4 34.f3 Bxg1 35.Kxg1 Rc5 36.Rec2 Rb4
37.Kf2 Ra4 38.Ke2 Ra3 39.Rd1 Re5+ 40.Kf2 Ree3 41.c5 Rxf3+ 42.Kg1 Rg3+ 43.Kf1 Raf3+
44.Rf2 Rc3  0-1

[Event "WchT U26"]
[Site "Paranana"]
[Date "1993.??.??"]
[Round "?"]
[White "Moran, Augusto"]
[Black "Tseleng, Emmanuel"]
[Result "1-0"]
[WhiteElo "2405"]
[BlackElo "2210"]

1.d4 d5 2.c4 e6 3.Nc3 Nf6 4.Nf3 Be7 5.Bf4 c6 6.e3 O-O 7.Bd3 Nbd7 8.h3 dxc4
9.Bxc4 a6 10.O-O b5 11.Bd3 c5 12.a4 b4 13.Ne4 a5 14.dxc5 Nxc5 15.Nxc5 Bxc5
16.Rc1 Be7 17.Qc2 Ba6 18.Bxa6 Rxa6 19.Rfd1 Qb6 20.Ne5 Raa8 21.Nc6 Bd8 22.Qc5 Nd5
23.Rxd5 exd5 24.Ne7+ Kh8 25.Ng6+ hxg6 26.Qxf8+ Kh7 27.Qxf7 Bf6 28.b3 d4 29.exd4 Qxd4
30.Be3 Qd3 31.Qc4 Rd8 32.Bb6 Rd5 33.Qxd3 Rxd3 34.Rb1 Bd8 35.Be3 Bf6 36.Kf1 Kg8
37.Ke2 Rd5 38.Rd1 Re5 39.Rc1 Kf7 40.Rc5 Rxc5 41.Bxc5 Bd8 42.Kd3 g5 43.Kc4 Ke6
44.Bd4 g6 45.Kc5 Kf5 46.f3 Kf4 47.Bf2 Bf6 48.Kd5 Bd8 49.Ke6 g4 50.hxg4 g5
51.Kd5 Bc7 52.Kc6 Bd8 53.Kd6 Bf6 54.Bb6 Kg3 55.Bxa5 Bc3 56.Kc5 Kxg2 57.Bxb4 Bxb4+
58.Kxb4  1-0

[Event "Peristeri"]
[Site "Peristeri"]
[Date "1993.??.??"]
[Round "8"]
[White "Ibragimov, Ildar"]
[Black "Sturua, Zurab"]
[Result "1/2-1/2"]
[WhiteElo "2550"]
[BlackElo "2540"]

1.d4 d5 2.c4 e6 3.Nc3 Be7 4.Nf3 Nf6 5.Bf4 O-O 6.e3 c5 7.dxc5 Bxc5 8.Be2 dxc4
9.Bxc4 a6 10.Qe2 b5 11.Bd3 Nbd7 12.O-O Bb7 13.Rfd1 Qb6 14.Ng5 e5 15.Bg3 b4
16.Nce4 h6 17.Nxf6+ Nxf6 18.Nh3 Rfe8 19.Rac1 Rad8 20.Kh1 Bf8 21.e4 Bc5 22.f3 Bc8
23.Bf2 Bd4 24.Bxd4 Rxd4  1/2-1/2

[Event "Pinsk"]
[Site "Pinsk"]
[Date "1993.??.??"]
[Round "?"]
[White "Agrest, Evgenij"]
[Black "Ginsburg, Gennadij"]
[Result "0-1"]
[WhiteElo "2465"]
[BlackElo "2435"]

1.d4 Nf6 2.c4 e6 3.Nc3 d5 4.Nf3 Be7 5.Bf4 O-O 6.e3 c5 7.dxc5 Bxc5 8.Qc2 Nc6
9.a3 Qa5 10.O-O-O Bd7 11.Nd2 Be7 12.Nb3 Qb6 13.e4 e5 14.c5 Qd8 15.exd5 exf4
16.dxc6 bxc6 17.Bc4 Qc7 18.Rd4 Ng4 19.Ne4 Ne5 20.Nbd2 Bf5 21.Qc3 Rfd8 22.Rxd8+ Rxd8
23.Re1 Nxc4 24.Qxc4 Kf8 25.Nb3 f3 26.g3 Qe5 27.Nbd2 Rd4 28.Qb3 Bxe4 29.Rxe4 Rxe4
30.Nxe4 f5 31.Nc3 Bxc5 32.Nd1 Qd5 33.Qb8+ Kf7 34.Qf4 Qe4 35.Qc7+ Kg6 36.h4 Bd4
37.Qd8 h6 38.Qg8 Kh5 39.Qc4 Kg4 40.Kd2 Kh3 41.Qf1+ Kh2 42.h5 c5 43.a4 a5
44.b3 Qb1 45.Qb5 Qa2+ 46.Kc1 Kg2 47.Qxa5 Bxf2 48.Qa8 c4 49.bxc4 Bc5  0-1

[Event "RUS-chT"]
[Site "Podolsk"]
[Date "1993.??.??"]
[Round "?"]
[White "Ibragimov, Ildar"]
[Black "Kozhevin, Sergey"]
[Result "1-0"]
[WhiteElo "2540"]
[BlackElo "2330"]

1.d4 Nf6 2.c4 e6 3.Nc3 d5 4.Nf3 Be7 5.Bf4 O-O 6.e3 Nbd7 7.h3 b6 8.cxd5 exd5
9.Be2 Bb7 10.O-O Ne4 11.Rc1 c5 12.dxc5 Nxc3 13.Rxc3 bxc5 14.Qa4 Nb6 15.Qb5 Qd7
16.Qxd7 Nxd7 17.Rd1 Nb6 18.Be5 Rfd8 19.Rb3 Bc6 20.Bb5 Bxb5 21.Rxb5 f6 22.Bc3 Kf7
23.b3 Rd7 24.Bb2 Rc8 25.Rc1 Rb7 26.Ra5 Rbc7 27.Ra6 Rb7 28.g4 Bd6 29.Kg2 Ke6
30.Ba3 Kf7 31.Bb2 Be7 32.Nd2 Rbc7 33.Nf3 Rb7 34.Ba3 Rbc7 35.Ra5 Nd7 36.Rd1 Nb6
37.Ra6 Rb7 38.Rd2 Rbc7 39.Kg3 Bd6+ 40.Kg2 Be7 41.Bb2 Rb7 42.Kf1 h5 43.Ke2 hxg4
44.hxg4 Rh8 45.Rd1 Rd7 46.Bc3 Rc8 47.Ba5 Rb8 48.Ne1 Rbb7 49.Rd2 Bf8 50.Rc2 Rdc7
51.Rxa7 Rxa7 52.Bxb6 Rab7 53.Bxc7 Rxc7 54.Kd3 g6 55.Nf3 f5 56.g5 Be7 57.Ne5+ Ke6
58.f4 Bxg5 59.Rg2 Bf6 60.Rxg6 Ra7 61.a4 c4+ 62.Kc3 Ke7 63.Rh6 Bxe5+ 64.fxe5 Ra8
65.Rd6 cxb3 66.Kxb3 Rh8 67.a5 Rh3 68.a6 Rxe3+ 69.Kb4 Re1 70.a7 Ra1 71.Rh6  1-0

[Event "Polanica Zdroj op"]
[Site "Polanica Zdroj"]
[Date "1993.??.??"]
[Round "4"]
[White "Perdek, Miroslaw"]
[Black "Korneev, Oleg"]
[Result "0-1"]
[WhiteElo "2315"]
[BlackElo "2475"]

1.d4 d5 2.c4 e6 3.Nf3 Nf6 4.Nc3 Be7 5.Bf4 O-O 6.e3 c5 7.dxc5 Bxc5 8.cxd5 Nxd5
9.Nxd5 exd5 10.Bd3 Bb4+ 11.Ke2 Nc6 12.Qc2 h6 13.Rhd1 Bg4 14.Kf1 Bxf3 15.gxf3 Qf6
16.a3 Bd6 17.Bxd6 Qxd6 18.Kg1 Qf6 19.Kg2 Rad8 20.Bb5 Ne7 21.Be2 d4 22.Rxd4 Rxd4
23.exd4 Nf5 24.Qe4 Nxd4 25.Rd1 Ne6 26.Bc4 Nf4+ 27.Kh1 b6 28.b3 Nh3 29.Kg2 Ng5
30.Qg4 Re8 31.a4 Ne6 32.Bxe6 Rxe6 33.Qd4 Qf5 34.Qd5 Qf4 35.Kh1 Re5 36.Qa8+ Kh7
37.Rg1 Re2 38.Rf1 a5 39.Qd5 Re5 40.Qc6 g6 41.Rg1 Re2 42.Rf1 Qd4 43.Kg2 Re5
44.Qc4 Rg5+  0-1

[Event "Protvino zt"]
[Site "Protvino"]
[Date "1993.??.??"]
[Round "?"]
[White "Sturua, Zurab"]
[Black "Danielian, Oganes"]
[Result "1/2-1/2"]
[WhiteElo "2565"]
[BlackElo "2440"]

1.d4 e6 2.c4 d5 3.Nc3 Be7 4.Nf3 Nf6 5.Bf4 O-O 6.e3 Nbd7 7.Qc2 dxc4 8.Bxc4 a6
9.Rd1 b5 10.Bd3 Bb7 11.Ng5 h6 12.Nge4 Nh5 13.Bg3 f5 14.Be2 Nxg3 15.Nxg3 b4
16.Qb3 Kh8 17.O-O Nb6 18.Na4 Nxa4 19.Qxa4 f4 20.exf4 Rxf4 21.Bc4 Rxd4 22.Bxe6 Rd2
23.Bf5 Qd4 24.Rxd2 Qxd2 25.Be4 Bxe4 26.Nxe4 Qxb2 27.Qc6 Rd8 28.Qxc7 Bf6 29.Qa5 Qe2
30.Qxb4 Rd1 31.Qf8+ Kh7 32.Nxf6+ gxf6 33.Qf7+ Kh8 34.Qxf6+ Kh7  1/2-1/2

[Event "ROM-chT"]
[Site "ROM"]
[Date "1993.??.??"]
[Round "3"]
[White "Veverita, Dan"]
[Black "Moise, Dorin"]
[Result "1/2-1/2"]
[WhiteElo "2285"]
[BlackElo "2260"]

1.d4 d5 2.c4 e6 3.Nc3 Be7 4.Nf3 Nf6 5.Bf4 O-O 6.e3 c5 7.dxc5 Bxc5 8.cxd5 Nxd5
9.Nxd5 exd5 10.a3 Nc6 11.Bd3 Be7 12.O-O Bg4 13.h3 Bxf3 14.Qxf3 Qd7  1/2-1/2

[Event "Rostov op"]
[Site "Rostov"]
[Date "1993.??.??"]
[Round "?"]
[White "Dreev, Alexey"]
[Black "Doroshkievich, Vladimir K"]
[Result "1-0"]
[WhiteElo "2560"]
[BlackElo "2425"]

1.d4 d5 2.c4 e6 3.Nf3 Nf6 4.Nc3 Be7 5.Bf4 O-O 6.e3 b6 7.cxd5 Nxd5 8.Nxd5 Qxd5
9.Bd3 c5 10.Qc2 Bb7 11.O-O cxd4 12.Bxh7+ Kh8 13.Bd3 dxe3 14.fxe3 Na6 15.Rad1 Nb4
16.Qc7 Bf6 17.Bb1 Qc6 18.Qxc6 Nxc6 19.Rd7 Ba6 20.Rfd1 Rac8 21.Be4 Bxb2 22.Bd6 Be2
23.Bxf8  1-0

[Event "Sao Paulo zt"]
[Site "Sao Paulo"]
[Date "1993.??.??"]
[Round "7"]
[White "Lima, Darcy"]
[Black "Milos, Gilberto"]
[Result "1-0"]
[WhiteElo "2445"]
[BlackElo "2560"]

1.d4 Nf6 2.c4 e6 3.Nc3 d5 4.Nf3 Be7 5.Bf4 O-O 6.e3 c5 7.dxc5 Bxc5 8.cxd5 Nxd5
9.Nxd5 exd5 10.a3 Nc6 11.Bd3 Bb6 12.O-O Bg4 13.h3 Bh5 14.b4 Re8 15.Rc1 d4
16.g4 Bg6 17.Bxg6 hxg6 18.b5 dxe3 19.bxc6 e2 20.Qxd8 exf1=Q+ 21.Kxf1 Raxd8
22.cxb7 f6 23.Rb1 g5 24.Bg3 Rd7 25.b8=Q Rxb8 26.Bxb8 Rd3 27.Ke2 Rxa3 28.Rb2 Rc3
29.Bd6 Kf7 30.Bb4 Rc1 31.Bd2 Rc7 32.Be3 Bxe3 33.Kxe3 Ke6 34.Ke4 Re7 35.Nd4+ Kd6+
36.Kd3 Rd7 37.Rb5 Kc7 38.Kc4 a6 39.Rc5+ Kb7 40.Rf5 Kb6 41.Rc5 Kb7 42.Rd5 Re7
43.Rd6 Rc7+ 44.Kd5 Re7 45.Ne6 a5 46.Kc4 Kc8 47.Kb5 Rb7+ 48.Kc6 Kb8 49.Nc5 Rb2
50.Rd8+ Ka7 51.Rd7+ Kb8 52.f3 g6 53.Rf7  1-0

[Event "Silvaplana SKA op"]
[Site "Silvaplana"]
[Date "1993.??.??"]
[Round "?"]
[White "Shvidler, Eliahu"]
[Black "Ciolac, Gheorghe"]
[Result "0-1"]
[WhiteElo "2415"]
[BlackElo "2365"]

1.d4 Nf6 2.Nf3 e6 3.c4 d5 4.Nc3 Be7 5.Bf4 O-O 6.e3 c5 7.dxc5 Bxc5 8.Be2 dxc4
9.Bxc4 a6 10.Qe2 b5 11.Bd3 Bb7 12.O-O Nbd7 13.Rfd1 Qb6 14.a4 b4 15.Nb1 Be7
16.Nbd2 Rfc8 17.Nc4 Qa7 18.Bd6 Bxd6 19.Nxd6 Rc5 20.Nxb7 Qxb7 21.Rac1 a5 22.Bb5 Rxc1
23.Rxc1 Rc8 24.Rd1 Nc5 25.Ne5 g6 26.Qf3 Qxf3 27.gxf3 Nd5 28.Nc6 Ra8 29.Rc1 Nb3
30.Rc2 Na1 31.Rc4 Nb3 32.Kg2 Kg7 33.f4 Nb6 34.Rc2 Rc8 35.Kf1 Rc7 36.Nxb4 Rxc2
37.Nxc2 Nc5 38.Na3 Kf6 39.Ke2 e5 40.fxe5+ Kxe5 41.Nc4+ Nxc4 42.Bxc4 Nxa4
43.b3 Nc3+ 44.Kd3 Nd1 45.f4+ Kf6 46.Kd4 Ke7 47.Be2 Nf2 48.Bf3 f5 49.h4 h6
50.Kc5 Ng4 51.e4 Nf2 52.exf5 gxf5 53.Kb6 Nd3 54.Kxa5 Nxf4 55.b4 Ne6 56.b5 Nd4
57.b6 Nxf3 58.b7 Ne5 59.b8=N f4 60.Na6 f3 61.Nb4 Kd6 62.Nc2 Ng4 63.Nd4 f2
64.Nf5+ Ke5 65.Ng3 Ne3  0-1

[Event "St Petersburg op"]
[Site "St Petersburg"]
[Date "1993.??.??"]
[Round "?"]
[White "Savchenko, Stanislav"]
[Black "Polovodin, Igor A"]
[Result "0-1"]
[WhiteElo "2530"]
[BlackElo "2415"]

1.c4 e6 2.d4 Nf6 3.Nf3 d5 4.Nc3 Be7 5.Bf4 O-O 6.Qc2 dxc4 7.e3 Nd5 8.Bxc4 Nxf4
9.exf4 c5 10.dxc5 Qc7 11.O-O Qxf4 12.Bd3 h6 13.Rac1 Nc6 14.a3 Bd7 15.b4 Rfd8
16.Be4 a6 17.g3 Qc7 18.Na4 Be8 19.Nb6 Rab8 20.Rfd1 Rxd1+ 21.Rxd1 Rd8 22.Nc4 Rxd1+
23.Qxd1 a5 24.Qb3 axb4 25.axb4 Kf8 26.h4 Qd8 27.b5 Nd4 28.Nxd4 Qxd4 29.Bxb7 Bxc5
30.Ne3 Qe5 31.Ba6 Qd6 32.Qc3 f5 33.Nc4 Qd1+ 34.Kg2 Qd5+ 35.f3 Qd1 36.Qd2 Qg1+
37.Kh3 Qf1+  0-1

[Event "St Petersburg op"]
[Site "St Petersburg"]
[Date "1993.??.??"]
[Round "?"]
[White "Akopian, Vladimir"]
[Black "Kruppa, Yuri"]
[Result "0-1"]
[WhiteElo "2600"]
[BlackElo "2485"]

1.d4 Nf6 2.c4 e6 3.Nf3 d5 4.Nc3 Be7 5.Bf4 O-O 6.e3 c5 7.dxc5 Bxc5 8.Qc2 Nc6
9.a3 Qa5 10.O-O-O Be7 11.g4 dxc4 12.Bxc4 e5 13.g5 exf4 14.gxf6 Bxf6 15.Nd5 Ne7
16.Nxf6+ gxf6 17.Rhg1+ Kh8 18.Qe4 Ng6 19.Qd4 Qb6 20.Qxb6 axb6 21.Rd6 Bh3
22.Kb1 Bf5+ 23.Ka2 Be4 24.Nd4 Ne5 25.Bb3 fxe3 26.fxe3 Rg8 27.Rf1 b5 28.Rf4 Nd3
29.Bc2 Bd5+ 30.Rxd5 Nb4+ 31.Kb3 Nxd5 32.Rh4 Rge8 33.Bxh7 Rxe3+ 34.Ka2 Ne7
35.Bc2+ Kg8 36.Nxb5 Rd8 37.Nd4 Rd5 38.Bb3 Rde5 39.Rg4+ Kf8 40.Bc2 Rh3 41.Rf4 Rxh2
42.Rxf6 Rd5 43.Rf4 Rxd4 44.Rxd4 Rxc2 45.Rd8+ Kg7 46.Rd7 Re2 47.Rxb7 f5 48.a4 f4
49.a5 Re6 50.Rd7 f3 51.Rd1 Nc6 52.Kb3 Nxa5+ 53.Kc3 Rc6+ 54.Kb4 Nc4 55.Kb5 Ne5
56.b4 f2 57.Rf1 Rc2  0-1

[Event "St Petersburg zt"]
[Site "St Petersburg"]
[Date "1993.??.??"]
[Round "3"]
[White "Tregubov, Pavel V"]
[Black "Pigusov, Evgeny"]
[Result "1/2-1/2"]
[WhiteElo "2445"]
[BlackElo "2575"]

1.d4 Nf6 2.Nf3 e6 3.c4 d5 4.Nc3 Be7 5.Bf4 O-O 6.e3 c6 7.Bd3 Nbd7 8.Ne5 Nxe5
9.Bxe5 dxc4 10.Bxc4 b6 11.O-O Bb7 12.Qe2 Bd6 13.Rad1 Nd5 14.Ne4 Be7 15.Qg4 Nf6
16.Qg3 Ne8 17.f4 Bc8 18.f5 exf5 19.Nc3 b5 20.Bb3 b4 21.Ne2 Be6 22.Bxe6 fxe6
23.Nf4 Qd7 24.Rc1 Rf7 25.Rc4 Nd6 26.Bxd6 Bxd6 27.Rfc1 Rc8 28.Qf3 a5 29.Nd3  1/2-1/2

[Event "St Petersburg zt"]
[Site "St Petersburg"]
[Date "1993.??.??"]
[Round "3"]
[White "Agrest, Evgenij"]
[Black "Gavrilov, Alexei"]
[Result "1/2-1/2"]
[WhiteElo "2460"]
[BlackElo "2400"]

1.d4 Nf6 2.c4 e6 3.Nc3 d5 4.Nf3 Be7 5.Bf4 O-O 6.e3 Nbd7 7.h3 c5 8.cxd5 Nxd5
9.Nxd5 exd5 10.Be2 cxd4 11.exd4 Qa5+ 12.Bd2 Qb6 13.Qb3 Nf6 14.O-O Bf5 15.Qxb6 axb6
16.Rfc1 Bd6 17.g4 Be6 18.a3 Ne4 19.Bb4 Bxb4 20.axb4 h5 21.Ne5 hxg4 22.hxg4 Rxa1
23.Rxa1 Rc8 24.f3 Nd6 25.Bd3 g5 26.Kf2 f6 27.Ng6 Kg7 28.Ne7 Re8 29.Nf5+ Bxf5
30.gxf5 Rh8 31.Rc1 Rh2+ 32.Ke3 Rxb2 33.Rc7+ Kf8 34.Rd7 Nc4+ 35.Bxc4 dxc4
36.Rxb7 Rxb4 37.d5 b5 38.d6 Ke8 39.Kd4 c3+ 40.Kd5 Rb1 41.Rb8+ Kd7 42.Rb7+ Ke8
43.Rb8+ Kf7 44.Rb7+ Ke8  1/2-1/2

[Event "SWZ-chT"]
[Site "?"]
[Date "1993.??.??"]
[Round "?"]
[White "Gavrikov, Viktor"]
[Black "Begovac, Franja"]
[Result "1/2-1/2"]
[WhiteElo "2575"]
[BlackElo "2405"]

1.c4 e6 2.Nf3 Nf6 3.Nc3 d5 4.d4 Be7 5.Bf4 O-O 6.e3 c5 7.dxc5 Na6 8.cxd5 Nxd5
9.Nxd5 exd5 10.Be5 Nxc5 11.Be2 Bf6 12.Bxf6 Qxf6 13.Qd4 Qxd4 14.Nxd4 Ne6 15.Rd1 Nxd4
16.Rxd4 Be6 17.Kd2 Rac8 18.Rc1 Rxc1 19.Kxc1 Rd8 20.Kd2 Kf8 21.f4 Ke7 22.Bf3 b6
23.b4 f6 24.h3 h6 25.g4 g5 26.Bd1 f5 27.Bf3 gxf4 28.exf4 Kf6 29.b5 Rg8 30.gxf5 Kxf5
31.a4 Rg3 32.Bxd5 Rxh3 33.Be4+ Kf6 34.Rd6 Ke7 35.Rc6 Ra3 36.Rc7+ Kd6 37.Rxa7 Bb3
38.Rh7 Rxa4 39.Rxh6+ Kc5 40.Rh5+ Kd4 41.Bb1 Ra1 42.Rh1 Ba2 43.Be4 Rxh1 44.Bxh1 Bc4
45.Bc6 Bxb5 46.Bxb5 Ke4  1/2-1/2

[Event "Taraus op"]
[Site "Tampere"]
[Date "1993.??.??"]
[Round "3"]
[White "Hermlin, Aarne"]
[Black "Vooremaa, Andres"]
[Result "1/2-1/2"]
[WhiteElo "2355"]
[BlackElo "2335"]

1.d4 Nf6 2.Nf3 e6 3.c4 Be7 4.Nc3 d5 5.Bf4 O-O 6.e3 c6 7.Qc2 Nbd7 8.Bd3 Re8
9.O-O Nf8 10.h3 dxc4 11.Bxc4 Nd5 12.Bg3 Nxc3 13.bxc3 Bd6 14.Bxd6 Qxd6 15.Bd3 c5
16.Rab1 b6 17.Be4 Rb8 18.Ne5 Bb7 19.Bxb7 Rxb7  1/2-1/2

[Event "Tilburg"]
[Site "Tilburg"]
[Date "1993.??.??"]
[Round "4"]
[White "Dreev, Alexey"]
[Black "Vaganian, Rafael A"]
[Result "1/2-1/2"]
[WhiteElo "2570"]
[BlackElo "2615"]

1.d4 d5 2.c4 e6 3.Nc3 Be7 4.Nf3 Nf6 5.Bf4 O-O 6.e3 c5 7.dxc5 Bxc5 8.a3 Nc6
9.Be2 dxc4 10.Bxc4 Qxd1+ 11.Rxd1 b6 12.e4 Rd8 13.Rxd8+ Nxd8 14.e5 Ne8 15.Ke2 Bb7
16.Rd1 h6 17.Be3 Bxe3 18.Kxe3 Kf8 19.g3 Rc8 20.Bd3 Nc7 21.Nd4 Nd5+ 22.Nxd5 Bxd5
23.f4 Ke7 24.Nb5 a5 25.Nd6 Rc7 26.Ba6 Bb7 27.Nxb7 Nxb7 28.Bb5 f6 29.a4 fxe5
30.fxe5 Kf8 31.Rd2 g5 32.Kf3 h5 33.Ke3 Rc1 34.Be2  1/2-1/2

[Event "Tilburg rapid20"]
[Site "Tilburg"]
[Date "1993.??.??"]
[Round "4"]
[White "Dreev, Alexey"]
[Black "Vaganian, Rafael A"]
[Result "1/2-1/2"]
[WhiteElo "2570"]
[BlackElo "2615"]

1.d4 d5 2.c4 e6 3.Nf3 Nf6 4.Nc3 Be7 5.Bf4 O-O 6.e3 c5 7.dxc5 Bxc5 8.a3 Nc6
9.Rc1 dxc4 10.Bxc4 Qxd1+ 11.Kxd1 b6 12.Ke2 Bb7 13.Rhd1 Rfd8 14.Nb5 Ne8 15.Bd3 a5
16.Ng5 Nf6 17.Bg3 Ba6 18.a4 Nb4 19.Bc4 h6 20.Nf3 Ne4 21.Bc7 Rxd1 22.Rxd1 Rc8
23.Rd8+ Rxd8  1/2-1/2

[Event "Tilburg rapid20"]
[Site "Tilburg"]
[Date "1993.??.??"]
[Round "5"]
[White "Vaganian, Rafael A"]
[Black "Beliavsky, Alexander G"]
[Result "0-1"]
[WhiteElo "2615"]
[BlackElo "2635"]

1.c4 e6 2.Nc3 d5 3.d4 Nf6 4.Nf3 Be7 5.Bf4 O-O 6.e3 c5 7.dxc5 Bxc5 8.a3 Nc6
9.Be2 dxc4 10.Bxc4 Qxd1+ 11.Rxd1 Be7 12.e4 Rd8 13.Ke2 Bd7 14.e5 Ne8 15.Rd2 Rac8
16.Rhd1 Nb8 17.Bd3 Bc6 18.Be4 Rxd2+ 19.Rxd2 Rd8 20.Rxd8 Bxd8 21.Nd4 Bxe4
22.Nxe4 Nd7 23.Nb5 a6 24.Nbd6 Nxd6 25.Nxd6 b5 26.Be3 g5 27.f4 gxf4 28.Bxf4 Kg7
29.Kf3 Kg6 30.Nb7 Bb6 31.Ke4 h5 32.b3 Bc5 33.a4 bxa4 34.bxa4 Bg1 35.h3 Nb6
36.a5 Nd7 37.Nd8 Nc5+ 38.Kf3 Nb3 39.g4 hxg4+ 40.Kxg4 Nxa5 41.h4 Bc5 42.h5+ Kg7
43.Bg5 Bb6 44.h6+ Kg6 45.h7 Kxh7 46.Nxf7 Kg6 47.Nd6 Nc6 48.Bf4 Bd4 49.Nc4 a5
50.Kf3 a4 51.Ke4 Bb2 52.Kd3 Nb4+ 53.Ke4 a3 54.Nxa3 Bxa3 55.Be3 Nc6 56.Bb6 Kf7
57.Bf2 Bb2 58.Bg3 Kg6 59.Bf4 Kh5 60.Bh2 Kg4 61.Bf4 Kh3  0-1

[Event "Tilburg"]
[Site "Tilburg"]
[Date "1993.??.??"]
[Round "6"]
[White "Karpov, Anatoly"]
[Black "Beliavsky, Alexander G"]
[Result "1/2-1/2"]
[WhiteElo "2760"]
[BlackElo "2635"]

1.d4 Nf6 2.c4 e6 3.Nf3 d5 4.Nc3 Be7 5.Bf4 O-O 6.e3 c5 7.dxc5 Bxc5 8.cxd5 Nxd5
9.Nxd5 exd5 10.a3 Nc6 11.Bd3 Bb6 12.O-O d4 13.e4 Bg4 14.h3 Bh5 15.g4 Bg6
16.Rc1 Rc8 17.Re1 Kh8 18.Kg2 f6 19.Nh4 Bc7 20.Bxc7 Qxc7 21.Bb5 Qb6 22.Bxc6 Rxc6
23.Rxc6 bxc6 24.Nxg6+ hxg6 25.b4 c5 26.bxc5 Qxc5 27.Qd3 Qe5 28.Rb1 Re8 29.Rb7 Qxe4+
30.Qxe4 Rxe4 31.Rxa7 Re1 32.Ra4 d3 33.Rd4 Rd1 34.Kf3 d2 35.a4 Ra1  1/2-1/2

[Event "EU-ch U18"]
[Site "Vejen"]
[Date "1993.??.??"]
[Round "5"]
[White "Maiwald, Jens Uwe"]
[Black "Danielian, Oganes"]
[Result "1-0"]
[WhiteElo "2430"]
[BlackElo "2460"]

1.d4 e6 2.Nf3 d5 3.c4 Nf6 4.Nc3 Be7 5.Bf4 O-O 6.e3 Nbd7 7.Qc2 dxc4 8.Bxc4 a6
9.Be2 b5 10.a4 b4 11.Ne4 Nd5 12.Rc1 Nxf4 13.exf4 Bb7 14.O-O b3 15.Qd3 Bxe4
16.Qxe4 c5 17.Rfd1 Qb6 18.Ne5 Nf6 19.Qc6 Qa7 20.dxc5 Rfc8 21.Qf3 Bxc5 22.Nc6 Qb6
23.a5 Qxc6 24.Rd8+ Rxd8 25.Qxc6 Rac8 26.Qxa6 Bxf2+ 27.Kxf2 Rxc1 28.Qb6 Rdc8
29.a6 Nd5 30.Qxb3 R1c2 31.a7 Nxf4 32.Qxc2  1-0

[Event "Women-Veterans"]
[Site "Vienna"]
[Date "1993.??.??"]
[Round "?"]
[White "Polgar, Zsuzsa"]
[Black "Geller, Efim P"]
[Result "1-0"]
[WhiteElo "2560"]
[BlackElo "2515"]

1.d4 d5 2.c4 e6 3.Nc3 Be7 4.Nf3 Nf6 5.Bf4 O-O 6.e3 c5 7.dxc5 Bxc5 8.a3 Nc6
9.b4 Be7 10.cxd5 exd5 11.Be2 Be6 12.Nd4 Rc8 13.O-O Nxb4 14.axb4 Rxc3 15.Rxa7 Qb6
16.Nb5 Rc4 17.Bxc4 dxc4 18.Qa4 Bd7 19.Qa5 Qc6 20.Nd4 Qc8 21.Qb6 c3 22.Qxb7 Qc4
23.Be5 Rd8 24.Bxf6 Bxf6 25.Ra8 Re8 26.Rxe8+ Bxe8 27.Qb8 Kf8 28.Nf5  1-0

[Event "Voskresensk"]
[Site "Voskresensk"]
[Date "1993.??.??"]
[Round "?"]
[White "Aleksandrov, Aleksej"]
[Black "Danielian, Oganes"]
[Result "1/2-1/2"]
[WhiteElo "2530"]
[BlackElo "2460"]

1.d4 e6 2.c4 d5 3.Nc3 Be7 4.Nf3 Nf6 5.Bf4 O-O 6.e3 dxc4 7.Bxc4 a6 8.a4 c5
9.O-O cxd4 10.Nxd4 Bd7 11.e4 Nc6 12.e5 Nxd4 13.Qxd4 Nh5 14.Be3 Bc6 15.Qxd8 Raxd8
16.Be2 g6 17.Rfd1 Ng7 18.g4 h5 19.h3 hxg4 20.hxg4 f6 21.exf6 Bxf6 22.Rxd8 Rxd8
23.Rd1 Rxd1+ 24.Bxd1 Ne8 25.Bd2 Nd6 26.b3 Ne4 27.Nxe4 Bxe4 28.Be2  1/2-1/2

[Event "Voskresensk"]
[Site "Voskresensk"]
[Date "1993.??.??"]
[Round "?"]
[White "Kharitonov, Andrei Y"]
[Black "Danielian, Oganes"]
[Result "1-0"]
[WhiteElo "2530"]
[BlackElo "2460"]

1.d4 e6 2.Nf3 d5 3.c4 Nf6 4.Nc3 Be7 5.Bf4 O-O 6.e3 dxc4 7.Bxc4 a6 8.Ne5 b5
9.Qf3 Ra7 10.Bd3 Bb7 11.Qh3 Nbd7 12.Rd1 g6 13.O-O Qa8 14.Bg5 Re8 15.Qh4 Bd8
16.f3 Bd5 17.e4 Bb7 18.Bc2 Qc8 19.Nd3 Ra8 20.Bb3 Nh5 21.Bxd8 Rxd8 22.Qf2 Ng7
23.Ne2 Ne8 24.Rc1 Nb6 25.Nef4 Rb8 26.Ne5 Ng7 27.Rfd1 Rd6 28.Qh4 c6 29.Ng4 Kh8
30.Nf6 h5 31.Qg5  1-0